000 00956nam a22002057a 4500
999 _c58539
_d58539
003 Ge_BSU
005 20220531124424.0
008 220531s2019 ge ||||| |||| 00| 0 geo d
020 _a9789941819339
041 _ageo
080 _a1(470) შ-53
100 _aშესტოვი, ლევ
_913894
245 _aუსაფუძვლობის აპოთეოზი. შემეცნების ფილოსოფია და თეორია /
_cლევ შესტოვი ; მთარგმნელი დიმიტრი უჩანეიშვილი.
264 _aთბილისი :
_b აქტი,
_c2019.
300 _a241 გვ.
_b20 სმ.
653 _aრუსული ფილოსოფია.
653 _aშემეცნების თეორია.
700 _aუჩანეიშვილი, დიმიტრი,
_eმთარგმნელი
_913895
942 _2udc
_cBK